Group B - Syria AFC Asian Cup Squad - Statistics

General Stats
  • This quiz has been taken 7 times
  • The average score is 14 of 27
Answer Stats
# Position Club Player Name % Correct
13 DF Al-Fotuwa Thaer Krouma
100%
24 DF Athens Kallithea Abdul Rahman Weiss
67%
22 GK Jableh Ahmad Madania
67%
2 DF BK Häcken Aiham Ousou
67%
1 GK Tishreen FC Ibrahim Alma
67%
21 MF Belgrano Ibrahim Hesar
67%
18 MF San Lorenzo Jalil Elías
67%
25 FW Al-Karamah Mahmoud Al Aswad
67%
3 DF Al-Jaish Moayad Ajan
67%
19 DF Al-Jaish Muayad AL Khouli
67%
7 FW Al-Wahda Omar Khribin
67%
5 DF Al-Nasr Omar Midani
67%
11 FW Alianza Lima Pablo Sabbag
67%
9 FW Naft Missan Alaa Al Dali
33%
12 MF DAC 1904 Ammar Ramadan
33%
6 DF Al-Karamah Amro Jenyat
33%
20 FW Gefle IF Antonio Yakoub
33%
16 MF Skövde AIK Elmar Abraham
33%
4 MF Independiente Rivadavia Ezequiel Ham
33%
17 MF Al-Shorta Fahd Youssef
33%
- Coach - Héctor Cúper
33%
8 MF Al-Ahli Kamel Hmeisheh
33%
15 DF Al-Wehdat Khaled Kurdaghli
33%
26 GK CSKA Moscow Maksim Sarraf
33%
10 MF Al-Ahed Mohammad Al Marmour
33%
14 MF Al-Riffa Mouhamad Anez
33%
23 GK Al-Fotuwa Taha Mosa
33%
No matching quizzes found
Score Distribution
Percent of People with Each Score
Percentile by Number Answered
Your Score History
You have not taken this quiz